01508nam a2200229 a 4500008004100000020001800041050001600059110001500075245011500090260006800205300002000273350001000293650004000303650004000343650006100383995017600444995014500620995014500765995017600910995017501086999001701261151013s2012 ||||||||||||||||| || u a9780821394519 aHD 1447 Glo aWorld Bank10aGlobal monitoring report 2012: food prices, nutrition, and the millennium development goalscBy The World Bank aWashington D.CbThe International Bank for Reconstructionc2012 axv, 169p.: ill. a29.95 aFOOD PRICES -- DEVELOPING COUNTRIES aFOOD SECURITY--DEVELOPING COUNTRIES aFOOD PRICES -- GOVERNMENT POLICY -- DEVELOPING COUNTRIES aMEDICAL LIBRARY OPEN ACCESSe903273FCBU-SCHOOL OF MEDICINE LIBRARY (Ndola)I29.95jHD 1447 GloM1UAVAILABLEWJan 21, 2016y903273ZMedical Library Open Access Collection aSPECIAL COLLECTIONSe903274FCBU-MAIN LIBRARY (Kitwe)I29.95jIBRD(02)2012/1BM3UAVAILABLEWJan 25, 2016yB2118ZInternational Publications aSPECIAL COLLECTIONSe903275FCBU-MAIN LIBRARY (Kitwe)I29.95jIBRD(02)2012/1AM2UAVAILABLEWJan 25, 2016yB2117ZInternational Publications aMEDICAL LIBRARY OPEN ACCESSe903606FCBU-SCHOOL OF MEDICINE LIBRARY (Ndola)I29.95jHD 1447 GloM4UAVAILABLEWFeb 17, 2016y903606ZMedical Library Open Access Collection aMEDICAL LIBRARY OPEN ACCESSe903591FCBU-SCHOOL OF MEDICINE LIBRARY (Ndola)I29.95jHD 1447 GloM5UAVAILABLEWMar 2, 2016y903591ZMedical Library Open Access Collection c75947d75947